000 00900nam a22002177a 4500
005 20240108105555.0
008 240108b ||||| |||| 00| 0 eng d
020 _a9780534537753
040 _cAL
041 _aeng
082 _223
_a550
_bMONP
100 _aJames S Monroe
_9147595
245 _aPhysical geology: exploring the earth
250 _a3rd ed.
260 _aNew York
_bWadsworth Publishing Company
_c1998
300 _axxxviii,646p.
_bPB
_c27.5x21.5cm.
520 _aAn overview of the physical aspects of the Earth's processes, above and below the surface, this text focuses on plate tectonics and the role that shifting plates have on the Earth's dynamic systems. The text also integrates environmental and economic geology themes throughout.
650 _2Earth sciences and geology
_aEarth sciences and geology
_9147596
700 _aWicander, Reed
_9147597
942 _2ddc
_cBK
999 _c229588
_d229588